Principios del conocimiento humano
Gespeichert in:
| 1. Verfasser: | |
|---|---|
| Format: | Buch |
| Sprache: | Spanisch |
| Veröffentlicht: |
Buenos Aires
Aguilar
1980
|
| Ausgabe: | 5a. ed |
| Schriftenreihe: | Iniciación filosófica
|
| Schlagworte: | |
| Tags: |
Tag hinzufügen
Keine Tags, Fügen Sie den ersten Tag hinzu!
|
MARC
| LEADER | 00000nam a2200000 a 4500 | ||
|---|---|---|---|
| 001 | UCZ2550 | ||
| 003 | CL-VaPUC | ||
| 008 | 951005e19800000AG |||||||||||||||||spa|d | ||
| 082 | 0 | 4 | |a 121 |b BER |2 21 |
| 100 | 0 | |a Berkeley, George |e author |9 315231 | |
| 245 | 1 | 0 | |a Principios del conocimiento humano |
| 250 | |a 5a. ed | ||
| 300 | |a 184 p | ||
| 942 | |c BK | ||
| 945 | |d 19951005 00:00:00 |a cmena | ||
| 260 | |a Buenos Aires |b Aguilar |c 1980 | ||
| 650 | 0 | |a Teoría del conocimiento |9 255038 | |
| 650 | 0 | |a Epistemología |9 264994 | |
| 650 | 0 | |a Filosofía de las ciencias |9 256466 | |
| 650 | 0 | |a Matemática |9 260235 | |
| 583 | |a last modification |c 19951005 00:00:00 |k Rodrigo Vera | ||
| 490 | 0 | |a Iniciación filosófica | |
| 999 | |c 239125 |d 239123 | ||
| 952 | |0 0 |1 0 |4 0 |6 121_000000000000000_BER_1980 |7 0 |8 A |9 249970 |a BIBEDU |b BIBEDU |c ES_NOD |d 2019-11-18 |i 1568043 |l 2 |m 4 |o 121 BER 1980 |p 1568043 |r 2023-08-09 |s 2022-03-23 |w 2019-11-18 |y BK |k FIL | ||
| 952 | |0 0 |1 0 |4 0 |6 121_000000000000000_BER_1980 |7 0 |8 A |9 249971 |a BIBEDU |b BIBEDU |c ES_NOD |d 2019-11-18 |i 1568051 |o 121 BER 1980 |p 1568051 |r 2023-08-09 |w 2019-11-18 |y BK |k FIL | ||
| 952 | |0 0 |1 0 |4 0 |6 121_000000000000000_BER_1980 |7 0 |8 A |9 249972 |a BIBEDU |b BIBEDU |c ES_NOD |d 2019-11-18 |i 156806K |o 121 BER 1980 |p 156806K |r 2023-08-09 |w 2019-11-18 |y BK |k FIL | ||